000 01187nam a2200313 i 4500
003 DO-SdBNP
005 20251124121047.0
007 ta
008 240628s2024 dr c 000 0 spa d
020 _a9789945917239
040 _aDO-SdBNP
_bspa
_cBNPHU
_erda
041 _aspa
082 4 _a972.93054
_bV297t 2024
_222
100 1 _aVargas, Mayobanex,
_d1936-
_eautor
_4aut.
_944952
245 1 0 _aTestimonio histórico :
_bjunio 1959 /
_cMayobanex Vargas ; prólogo, Carmen Durán, Amiro Pérez Mera.
250 _aCuarta edición
264 1 _aSanto Domingo :
_bComisión Permanente de Efemérides Patrias,
_bBúho,
_c2024.
300 _a147 páginas :
_bilustraciones, retratos ;
_c22 cm.
336 _atexto
_btxt
_2rdacontent
337 _asin mediación
_bn
_2rdamedia
338 _avolumen
_bnc
_2rdacarrier
500 _aIncluye datos biográficos del autor en la contracubierta
590 _aInventariado, 2024/ YL
651 4 _aRepública Dominicana -
_xHistoria -
_y1961-
_96572
700 1 _aDurán, Carmen,
_eprologuista
_913188
_4pr.
700 1 _aPérez Mera, Amiro,
_eprologuista
_4pr.
_936666
910 _aYLockward/ Validado. Control de calidad EMS
942 _2ddc
_cLBS1
999 _c57068
_d57068